OM 1993 - Statistiques

Statistiques générales
  • Ce quiz a été pris 233 fois
  • Le résultat moyen est 8 sur 21
Statistiques - réponses
Hint Réponse % Correct
Didier Deschamps
80%
Basile Boli
75%
Fabien Barthez
74%
Marcel Desailly
60%
Président Bernard Tapie
59%
Eric Di Meco
57%
Abedi Pelé
55%
Rudi Voller
49%
Milieux Franck Sauzee
40%
Gardiens Pascal Olmeta
40%
Entraineur Raymond Goethals
40%
Jocelyn Angloma
34%
Attanquants Alen Boksic
31%
Bernard Casoni
25%
Défenseurs Manuel Amoros
25%
Jean Jacques Eydelie
20%
Jean Christophe Thomas
13%
Jean Marc Ferreri
13%
Jean Phillipe Durand
7%
Jean Christophe Marquet
4%
Igor Dobrovolski
1%
Aucun quiz correspondant
Distribution des résultats
% des personnes avec chaque résultat
Percentile par nombre de réponses
Votre historique - résultats
Vous n’avez pas pris ce quiz